| Registos Bibliográficos associados ao registo de autoridade |
|
Etiqueta de registo: 00681cam 2200253 450 001 1079991 003 http://id.bnportugal.gov.pt/bib/catbnp/1079991 005 20020920155400.0 010 ## $a972-8487-49-5 021 ## $aPT$b149951/00 100 ## $a20020326d2001 em y0pory0103 ba 101 0# $apor 102 ## $aPT 105 ## $aa z 000yy 106 ## $ar 200 1# $aTodos os passos serão como o começo dos passos$fPaulo Amorim 210 #9 $aLisboa$cBedeteca,$d2001 215 ## $a[32] p.$cil.$d24 cm 225 2# $aLX comics$v11 675 ## $a741(=1.469)Amorim, Paulo$31046335 675 ## $a821.134.3-9"19"$vBN$zpor$3296432 700 #1 $aAmorim,$bPaulo,$f1978-$31040943 900 ## $aBIBNAC$d20130602 966 ## $lBN$mFGMON$sB.A. 20975 V.$x1 966 ## $lBN$mFGMON$sB.A. 20975 V.$x1 966 ## $lBN$mFGMON$sB.A. 21536 V.$x3
Etiqueta de registo: 00254nam 2200025 450 001 2285380 003 http://id.bnportugal.gov.pt/bib/catbnp/2285380 100 ## $a20260428d1991 m y0pory01030103ba 101 0# $apor 102 ## $aPT 105 ## $aa b 000yy 200 1# $aSIBD - Porto$ecatálogo 1991$fed. Comicarte - Comossão de Jovens de Ramalde$gintrod. Paulo Amorim 210 #9 $aPorto$cComicarte,$d1991 215 ## $a53 [1] p.$cil.$d15 cm 317 ## $aColeção Leandro de Moraes Sarmento$5PTBN: L.M.S. 880 532 10 $aSalão Internacional de Banda Desenhada - Porto 675 ## $a741.5(083.82)$vBN$zpor$3568175 702 #1 $aAmorim,$bPaulo,$f1978-$4080$31040943 710 12 $aSalão Internacional de Banda Desenhada,$d6,$ePorto,$f1991$363224 712 02 $aComicarte - Comissão de Jovens de Rmalde$4340$31997121 801 #0 $aPT$bBN$gRPC 966 ## $lBN$mFGMON$pBiblioteca particular Leandro de Moraes Sarmento$sL.M.S. 880 $x3
|
|
|